000 01646nam a22002777a 4500
005 20180626091726.0
008 160523s1824 fr |||fr|||| 001 0dfre d
040 _aCO-BoUCM
_bspa
_cSandra Yazo
_dSandra Yazo
041 0 _aspa
082 0 4 _220
_a808.831
092 _aE46N060
100 1 _aLa Fontaine, Jean de
_d1621-1695
_947485
242 0 0 _aFábulas
_bTomo primero
_cde Jean de La Fontaine
_yspa
245 1 0 _aFables
_bTome premier
_cde J. de La Fontaine
260 _aParís (Francia)
_bImprimerie de Jules Didot Ainé, imprimeur du Roi [Imprenta de Jules Didot, el Mayor, impresor del Rey]
_c1824
300 _axxxviii, 253 páginas
_c13 x 8 cm.
490 0 _aCollection des Classiques François [Colección de Clásicos franceses]
500 _aDetalles físicos: Encuadernación rígida en cartón forrado en papel. Lomo con tejuelo de piel adornos en dorado. Guardas, la delantera con una firma (Brito ...). Anteportada. Hoja especial de papel con grabado (firmado) del Autor. Portada impresa en una sola tinta, con pequeña marca tipográfica de Didot, enmarcada en una estrella laureada. Texto impreso en una sola columna con diferentes tipos y tamaños de letra. Notas de pie de página. Índices. Erratas. Cortes decorados. Deterioro en bordes y esquinas. Papel manchado. Hojas con bordes desiguales
505 7 _aV.1: Vida de Esopo, el Frigio ; Fábulas de La Fontaine: Libros I al VI
506 _aConsulta en sala
546 _aTexto en francés
650 7 _915516
_aFábulas francesas
650 7 _aLiteratura francesa
_97794
690 _aLiteratura europea
_926524
942 _2LOCAL
_cLIBRO
_e1
_hE46N060
999 _c309981
_d309981